The Free Germany manifesto and the German people. (Record no. 90002)

MARC details
000 -LEADER
fixed length control field 01105cam a22002771 4500
001 - CONTROL NUMBER
control field sd 49000234
003 - CONTROL NUMBER IDENTIFIER
control field DLC
005 - DATE AND TIME OF LATEST TRANSACTION
control field 20260227112735.0
008 - FIXED-LENGTH DATA ELEMENTS--GENERAL INFORMATION
fixed length control field 910429s1943 dcu b f000 0 eng c
010 ## - LIBRARY OF CONGRESS CONTROL NUMBER
LC control number sd 49000234
035 ## - SYSTEM CONTROL NUMBER
System control number (OCoLC)23660568
040 ## - CATALOGING SOURCE
Original cataloging agency U.S. Dept. of State. Library
Transcribing agency CSt-H
Modifying agency CSt-H
-- DLC
042 ## - AUTHENTICATION CODE
Authentication code premarc
050 00 - LIBRARY OF CONGRESS CALL NUMBER
Classification number UB250
Item number .U33 no. 1033
082 ## - DEWEY DECIMAL CLASSIFICATION NUMBER
Classification number 940.5343
110 1# - MAIN ENTRY--CORPORATE NAME
Corporate name or jurisdiction name as entry element United States.
Subordinate unit Office of Strategic Services.
-- Research and Analysis Branch.
-- Europe-Africa Division.
245 14 - TITLE STATEMENT
Title The Free Germany manifesto and the German people.
260 ## - PUBLICATION, DISTRIBUTION, ETC.
Place of publication, distribution, etc. [Washington]
Name of publisher, distributor, etc. Office of Strategic Services, Branch of Research and Analysis, Europe-Africa Division, Psychological Warfare Subdivision, Central European Section,
Date of publication, distribution, etc. 1943.
300 ## - PHYSICAL DESCRIPTION
Extent 21 p.
Dimensions 27 cm.
490 1# - SERIES STATEMENT
Series statement R & A
Volume/sequential designation #1033
504 ## - BIBLIOGRAPHY, ETC. NOTE
Bibliography, etc. note Bibliographical footnotes.
650 #0 - SUBJECT ADDED ENTRY--TOPICAL TERM
Topical term or geographic name entry element World War, 1939-1945
General subdivision Underground movements
Geographic subdivision Germany.
650 #0 - SUBJECT ADDED ENTRY--TOPICAL TERM
Topical term or geographic name entry element Public opinion
Geographic subdivision Germany.
650 #0 - SUBJECT ADDED ENTRY--TOPICAL TERM
Topical term or geographic name entry element Communism
Geographic subdivision Germany.
810 1# - SERIES ADDED ENTRY--CORPORATE NAME
Corporate name or jurisdiction name as entry element United States.
Subordinate unit Department of State.
-- Office of Intelligence.
Title of a work R & A ;
Volume/sequential designation no. 1033.

No items available.

Powered by Koha